00505nam a2200169Ia 4500003000900000008004100009040001600050080001600066100002000082245011500102250001200217260003700229300001000266650002600276650001400302650001900316IN-BaIIA211028s9999 xx 000 0 eng d cIIA Library a621.38bMAL aMalhotra, D. R. 0aEngineering mechanics and strength of materialscD. R. Malhotra  a3rd ed. aNew DelhibSatya Prakashanc1983 a548p. aMechanical properties aMechanics aNASA thesaurus